000
00290nam a22001097a 4500
082
_a
574
_b
SIE/B
100
_a
GOVT. OF IIN INDIA
245
_a
SIET KERALA SSLC EXAMINATION BASED SPECIAL PROGRAMMES
_b
BIOLOGY
260
_a
NEW DELHI
_b
GOVT. OF INDIA
520
_a
BIOLOGY REFERENCE
942
_c
BK
999
_c
7941
_d
7941